Detalles MARC
| 000 -LIDER |
| fixed length control field |
02333nam a22003137a 4500 |
| 001 - NÚMERO DE CONTROL |
| Identificador de número de control |
000351 |
| 003 - IDENTIFICACDOR DE NÚMERO DE CONTROL |
| control field |
DO-SdBNP |
| 005 - DATE AND TIME OF LATEST TRANSACTION |
| control field |
20171109094917.0 |
| 007 - CAMPOS FIJOS DE DESCRIPCIÓN FÍSICA |
| fixed length control field |
000351 |
| 008 - ELEMENTOS DE LONGITUD FIJA |
| fixed length control field |
160705b 2008 mau a ||||| |||| 00| 0 spa d |
| 020 ## - ISBN |
| International Standard Book Number |
9780262026284 |
| 040 ## - FUENTE DE CATALOGACIÓN |
| Agencia que crea de manera original el registro |
BPMSU |
| Idioma de catalogación |
spa |
| Agencia que realiza la transcripción |
BPMSU |
| 082 #4 - NÚMERO DE CLASIFICACIÓN DECIMAL DE DEWEY |
| Classification number |
332.01 |
| Item number |
B472f, 2008 |
| 092 ## - LOCALLY ASSIGNED DEWEY DECIMAL CALL NUMBER |
| Número de ítem (Cutter) |
|
| 100 1# - ASIENTO PRINCIPAL -- NOMBRE PERSONAL |
| Nombre personal |
Benninga, Simon |
| 245 10 - MENCIÓN DE TITULO |
| Título |
Financial modeling / |
| Mención de responsabilidad |
Simon Benninga ; with a section on Visual Basic for Applications by Benjamin Czaczkes. |
| 250 ## - MENCIÓN DE EDICION |
| Mención de edición |
3a.ed. |
| 260 ## - PUBLICACIÓN, DISTRIBUCIÓN, ETC. (PIE DE IMPRENTA) |
| Lugar de publicación, distribución, etc |
Cambridge, Massachusetts : |
| Nombre del editor, distribuidor, etc. |
The MIT Press, |
| Fecha de publicación, distribución, etc |
2008. |
| 300 ## - DESCRIPCIÓN FÍSICA |
| Extensión |
xxviii, 1133 p. : |
| Otros detalles físicos |
il. ; |
| Dimensiones |
24 cm + |
| Material complementario |
1 CD-ROM |
| 504 ## - NOTA DE BIBLIOGRAFÍA, ETC. |
| Bibliography, etc |
Bibliografía : p. 1095-1106 |
| 505 0# - NOTA DE CONTENIDO |
| Título |
Basic financial calculations -- |
| -- |
Calculating the cost of capitol -- |
| -- |
Financial statement modeling -- |
| -- |
Building a financial model: the case of PPG corporation -- |
| -- |
Bank Valuation -- |
| -- |
The financial analysis of leasing -- |
| -- |
The financial analysis of leveraged leases -- |
| -- |
Portfolio Models-introduction -- |
| -- |
Calculating efficient portfolios when there are no short-sale restrictions -- |
| -- |
Calculating the variance-covariance matrix -- |
| -- |
Estimating betas and the security market line -- |
| -- |
Efficient portfolios without short sales -- |
| -- |
The black-litterman approach to portfolio optimization -- |
| -- |
Event studies -- |
| -- |
Value at risk -- |
| -- |
An introduction to options -- |
| -- |
The binomial option-pricing model -- |
| -- |
The lognormal distribution -- |
| -- |
The Black-Scholes model -- |
| -- |
Option Greeks -- |
| -- |
Portfolio insurance -- |
| -- |
An introduction of Monte Carlo methods -- |
| -- |
Using Monte Carlo methods for option pricing -- |
| -- |
Real options -- |
| -- |
Duration -- |
| -- |
Immunization strategies -- |
| -- |
Modeling the term structure -- |
| -- |
Calculating default-adjusted expected bond returns -- |
| -- |
Generating random numbers -- |
| -- |
Data tables -- |
| -- |
Matrices -- |
| -- |
The Gauss-Seidel method -- |
| -- |
Excel functions -- |
| -- |
Using Array functions and formulas -- |
| -- |
Some excel hints -- |
| -- |
User-defined functions with VBA -- |
| -- |
Types and loops -- |
| -- |
Macros and user interaction -- |
| -- |
Arrays -- |
| -- |
Objects and add-ins -- |
| -- |
Information from the web. |
| 650 #4 - ENCABEZAMIENTO DE MATERIA--TEMÁTICO |
| Término temático o nombre geográfico como elemento de entrada |
ECONOMIA |
| Subdivisión temática general |
MODELOS MATEMÁTICOS |
| 650 #4 - ENCABEZAMIENTO DE MATERIA--TEMÁTICO |
| Término temático o nombre geográfico como elemento de entrada |
FINANZAS |
| Subdivisión temática general |
MODELOS MATEMÁTICOS |
| 700 12 - ASIENTO SECUNDARIO -- NOMBRE PERSONAL |
| Nombre personal |
Czaczkes, Benjamin. |
| 910 ## - VALIDACIÓN |
| Validación |
Validado. Control de calidad MFF |
| 942 ## - ADDED ENTRY ELEMENTS (KOHA) |
| Source of classification or shelving scheme |
Dewey Decimal Classification |
| Koha item type |
Libros |
| 945 ## - INFORMACIÓN DE PROCESAMIENTO LOCAL |
| Información de procesamiento local |
Inventariado, 2017/MFF |
| 956 ## - LOCAL ELECTRONIC LOCATION AND ACCESS (OCLC) |
| Método de acceso |
LOPEREZ |
| Materiales especificados |
10 |
| Enlace |
20160705 |
| Campo enlazado y núm. de secuencia |
BPMSU |
| Nombre de host |
00041 |